Ranger's Apprentice Places in Real Life - Statistics

General Stats
  • This quiz has been taken 75 times
  • The average score is 9 of 16
Answer Stats
Hint Answer % Correct
Scandinavia Skandia
86%
England Araluen
80%
Japan Nihon-Ja
74%
France Gallica
69%
Wales Celtica
66%
Mongolia Temujai
66%
Genoa city state (not a country) Genovesans
54%
Italy Toscana
51%
Middle-East/Northern Africa Arrida
49%
Germany Teutlandt
49%
Spain/Portugal Iberion
46%
Ireland Hibernia
43%
Native America Mawagansett
43%
Scotland Picta
43%
Africa Zambazi
43%
China Cathay
31%
No matching quizzes found
Score Distribution
Percent of People with Each Score
Percentile by Number Answered
Your Score History
You have not taken this quiz